Actas del i Simposio Internacional de Mudejarismo (Record no. 144134)
[ view plain ]
| 000 -LEADER | |
|---|---|
| campo de control de longitud fija | 00778nam a2200181 4500 |
| 001 - NÚMERO DE CONTROL | |
| campo de control | 144134 |
| 003 - IDENTIFICADOR DE NÚMERO DE CONTROL | |
| campo de control | ES-MaACL |
| 005 - FECHA Y HORA DE LA ÚLTIMA TRANSACCIÓN | |
| campo de control | 20230906200942.0 |
| 007 - CAMPO FIJO DE DESCRIPCIÓN FÍSICA--INFORMACIÓN GENERAL | |
| campo de control de longitud fija | t| |
| 008 - DATOS DE LONGITUD FIJA--INFORMACIÓN GENERAL | |
| campo de control de longitud fija | 070214s1981 sp r ||||1| spa d |
| 111 2# - ENTRADA PRINCIPAL--NOMBRE DE CONGRESO/REUNIÓN | |
| Nombre de congreso/reunión o jurisdicción como elemento de entrada | Simposio Internacional de Mudejarismo ( |
| Número del congreso/reunión o número de parte o sección | 1º. |
| Fecha del congreso o de la firma del tratado | 1975. |
| Sede del congreso/Lugar de la reunión | Teruel) |
| 9 (RLIN) | 1074 |
| 245 10 - MENCIÓN DEL TÍTULO | |
| Título | Actas del i Simposio Internacional de Mudejarismo |
| Resto del título | : [Teruel 15-17 septiembre 1975]. |
| 260 ## - PUBLICACIÓN, DISTRIBUCIÓN, ETC. | |
| Lugar de publicación, distribución, etc. | Madrid ; |
| -- | Teruel : |
| Nombre del editor, distribuidor, etc. | Consejo Superior de Investigaciones Científicas : |
| -- | Diputación Provincial de Teruel, |
| Fecha de publicación, distribución, etc. | 1981 ( |
| Lugar de fabricación/manufactura | Guadalajara : |
| Fabricante | J. C. J.) |
| 300 ## - DESCRIPCIÓN FÍSICA | |
| Extensión | 542 p. : |
| Otras características físicas | il. ; |
| Dimensiones | 24 cm. |
| 710 2# - ENTRADA AGREGADA--NOMBRE DE ENTIDAD CORPORATIVA | |
| Nombre de entidad corporativa o nombre de jurisdicción como elemento de entrada | Consejo Superior de Investigaciones Científicas (España) |
| 9 (RLIN) | 3236 |
| 710 2# - ENTRADA AGREGADA--NOMBRE DE ENTIDAD CORPORATIVA | |
| Nombre de entidad corporativa o nombre de jurisdicción como elemento de entrada | Teruel (Provincia). |
| Unidad subordinada | Diputación Provincial. |
| 9 (RLIN) | 6943 |
| 852 ## - LOCALIZACIÓN | |
| Ubicación | ES-MaACL |
| Número de control de estantería | L-1456 |
| Sublocalización o colección | R.102033 |
| Estatus retirado | Estado de pérdida | Estado de daño | No para préstamo | Biblioteca de origen | Biblioteca actual | Ubicación en estantería | Fecha de adquisición | Fuente de adquisición | Total de préstamos | Signatura topográfica completa | Código de barras | Visto por última vez | Precio de reemplazo | Tipo de ítem Koha |
|---|---|---|---|---|---|---|---|---|---|---|---|---|---|---|
| Biblioteca del Ateneo de Madrid | Biblioteca del Ateneo de Madrid | Depósito 2 | 17/01/2008 | L-1456 | 1149958 | 23/02/2023 | 23/02/2023 | Libro impreso |
